000 00392cam a2200157ua 4500
041 _aeng
_h
082 _a824
_bMIL/FI
100 _aMiller, Joyce .
245 _aFifty model Essays /
_cJoyce Miller.
_hTextual Documents
250 _a33 /
_b.
260 _aBombay :
_bB.B.Taraporevala sons and co. pvt Ltd ,
_c1963.
300 _a100 ; .
504 _a
942 _cBK
999 _c977
_d977